|
|
|
|
| LEADER |
00000cmm a2200000 a 4500 |
| 001 |
000330 |
| 003 |
UAHC_CL |
| 005 |
20210909180431.0 |
| 008 |
171121s2018 cl 000 spa |
| 952 |
|
|
|0 0
|1 0
|4 0
|6 TPEDIF_112_000000000000000
|7 0
|8 COMP
|9 90489
|a BC
|b BC
|c Referencia
|d 2018-08-27
|o TPEDIF 112
|p 13301218
|r 2019-01-03 00:00:00
|w 2018-08-27
|y TS
|B PEDIF
|
| 999 |
|
|
|c 51059
|d 51059
|
| 040 |
|
|
|a UAHC_CL
|c UAHC_CL
|d UAHC_CL
|
| 100 |
|
|
|a González Saldaña, Yenia
|9 4623
|
| 245 |
1 |
0 |
|a Cómo fomentar resiliencia en preescolares en contextos de pobreza
|c Yenia González; profesor guía Verónica Aguila.
|
| 260 |
|
|
|b Universidad Academia de Humanismo Cristiano
|c 2018.
|a Santiago, Chile
|
| 300 |
|
|
|a 1 cd rom
|
| 500 |
|
|
|a Tesis para optar al título de Profesor de Educación Diferencial con mención en Trastornos Específicos del Lenguaje Oral.
|
| 502 |
|
|
|a Tesis (Profesor de educación diferencial) -- Universidad Academia de Humanismo Cristiano, 2018.
|
| 516 |
|
|
|a Tesis electrónica (PDF)
|
| 520 |
|
|
|a Si bien en Chile los índices de pobreza se han reducido desde el retorno a la democracia, en la actualidad la situación de niños y niñas sigue siendo un tema preocupante. A su vez, diversos estudios dan cuenta de los efectos negativos que genera el contexto de pobreza en el desarrollo infantil, siendo considerado como un factor de riesgo psicosocial. Por otra parte, diversos estudios han detectado que existen niños y niñas que - a pesar de convivir con diversos factores de riesgo- obtienen resultados exitosos en sus vidas. En ese sentido, en este artículo se analizaron artículos que abarcan la interrelación entre pobreza y resiliencia; estableciendo los factores de riesgo asociados a la pobreza, así como los elementos que permiten enfrentar esta situación de vulnerabilidad en menores de edad preescolar. Los autores consultados destacan que el entorno familiar, el apoyo comunitario y las características de la personalidad son los ejes claves para fomentar el desarrollo de niños y niñas resilientes.
|
| 650 |
|
0 |
|9 6555
|a Resiliencia en niños
|
| 650 |
|
0 |
|9 6554
|a Preescolares
|x Aspectos sociales
|
| 650 |
|
0 |
|a Niños
|z Chile
|x Condiciones sociales
|9 657
|
| 700 |
|
|
|9 906
|a Aguila Moenne, Verónica
|e profesor guía
|
| 856 |
|
|
|u http://bibliotecadigital.academia.cl/xmlui/handle/123456789/4675
|y Registro en Biblioteca Digital UAHC. No autorizada su publicación a solicitud del autor
|
| 900 |
|
|
|a TPEDIF 112
|
| 942 |
|
|
|c TS
|